000 00474nam a22001817a 4500
005 20230118114721.0
008 210301b ||||| |||| 00| 0 eng d
020 _a978813125773
041 _aeng
082 _a612 HAL-T
100 _aHALL ,JOHN E AND HALL MICHAEL E
_96457
245 _aTEXTBOOK OF MEDICAL PHYSIOLOGY
250 _a3'RD
260 _aNEW DELHI
_bELSEVIERS RELX INDIA
_c2020
300 _a1011 , p.
650 _aPHARMACY
_xD.PHARMA
_97090
942 _cBK
999 _c7499
_d7497